| 000 | 00445nam a22001337a 4500 | ||
|---|---|---|---|
| 040 | _cNUST | ||
| 082 | _a200 THE | ||
| 100 |
_aWaleed Asif _9104909 |
||
| 110 | _aSupervisor: Dr. Afshan Naseem | ||
| 245 | _aTH-SOF-2114-A Model for Sustainable Performance Impact of Green Innovation and Moderating Effect of Green Human Capital on Sustainability | ||
| 260 |
_aISLAMABAD: _bNUST COLLEGE OF EME, _c2022. |
||
| 650 | _aMS-EM-19 | ||
| 942 |
_2ddc _cTHE |
||
| 999 |
_c592696 _d592696 |
||